Haz clic en la provincia argentina por club de fútbol - Estadísticas

Estadísticas generales
  • Esta prueba ha sido intentada 28 veces
  • La puntuación promedio es 12 de 23
Respuestas en el mapa
Las respuestas están codificadas por una escala verde-roja en el mapa de la prueba según el % correcto abajo.
 
Estadísticas de respuestas
Respuesta % Correcto
C. A. Central Córdoba
83%
C. A. Platense
78%
Atlético de Rafaela
72%
C. A. Santa Rosa
72%
C. S. y D. Madryn
72%
Estudiantes de Río Cuarto
72%
Independiente Rivadavia
72%
Los Cuervos del Fin del Mundo
72%
C. A. Patronato
67%
C. A. Sarmiento Resistencia
67%
Boca de Río Gallegos
61%
Boca Unidos
61%
Club Cipolletti
50%
Club Altos Hornos Zapla
44%
Crucero Del Norte
44%
C. S. Desamparados
44%
C. A. Central Norte
33%
C. A. Juventud Unida Universitario
33%
Deportivo Rincón
33%
Andino S. C.
28%
C. A. San Lorenzo de Alem
28%
C. S. General San Martín
28%
C. A. Concepción
22%
No se encontraron pruebas coincidentes
Distribución de puntuación
Porcentaje de gente con cada puntuación
Porcentaje por número respondido
Historial de tus puntuaciones
No has intentado esta prueba.